000 00931cam a2200229 4500
001 ABS65722
008 020731n2002 000 0 eng u
035 _a(Sirsi) u119132
110 _aRoyal Institution of Chartered Surveyors
_bResidential Property Faculty
_94304
245 _aHome buying reform - where is it now?
260 _c2002
490 _aRICS Residential Faculty Residential Newsletter
_v2(3) June 2002, 8-12(5)
520 _aKey questions and answers on the home buying reform proposals including seller's packs, home condition inspectors and home condition reports. Further information on the Home Inspectors Certification Board can be found at www.the HICB.org.uk
590 _aABS
650 _aHOME INFORMATION PACKS
650 _aHOME CONDITION INSPECTORS
650 _aHOME INSPECTORS' CERTIFICATION BOARD
650 _aHOME CONDITION REPORTS
650 _aSAVA
690 _aHOUSING
942 _n0
999 _c70864
_d70864